Allgemeinwissen einfach - Statistiken

Allgemein
  • Dieses Quiz wurde 943 mal gespielt
  • Das Durchschnittsergebnis liegt bei 8 aus 12
Antwortstatistiken
Frage Antwort % Korrekt
Welches Land konnte die meisten Weltmeisterschaften der Herren im Fußball gewinnen? Brasilien
86%
Wie viele Planeten sind in unserem Sonnensystem? 8
85%
Wie viele Zähne hat ein ausgewachsener Mensch normalerweise? 32
83%
Wie viele Knochen hat ein ausgewachsener Mensch normalerweise? 206
80%
Wie lang ist ein Marathon? (in km) 42,195
78%
Was ist die Einheit für den elektrischen Widerstand? Ohm
75%
Was ist der größte Ozean? Pazifischer Ozean
75%
Welches Land hat den höchsten Pro-Kopf-Konsum von Bier? Tschechien
60%
Mit welchen Tieren sind Dinosaurier am engsten verwandt? Vögeln
58%
Für was steht die Abkürzung von dem Rundfunkverbund ARD? Arbeitsgemeinschaft der öffentlich-rechtlichen Rundfunkanstalten der Bundesrepublik Deutschland
56%
Wie hoch ist der höchste Berg Deutschlands? (in m) 2962
54%
Wann wurde Caesar ermordet? 15. März 44v. Chr.
45%
Keine übereinstimmenden Quizze gefunden
Verteilung der Resultate
Anzahl Personen mit jedem Resultat
Perzentil nach korrekt beantworteten Fragen
Ihre Resultats-Entwicklung
Sie haben dieses Quiz noch nicht gespielt